000 01096 a2200229 4500
001 123565
020 _a9780545620666
040 _cEscola Canadense de Niteroi
090 _aROY
100 _aRoy, Ron
245 1 0 _aJuly jitters
250 _a1st. ed.
300 _a80 p.
_c9 x 0.25 x 7.56 inches
362 0 _a2010
490 0 _aCalendar Mysteries
520 _aIn the seventh book of the Calendar Mysteries - an early chapter book mystery series - the mayor is having a special Fourth of July contest; the person whose pet has the best Independence Day costume gets to be mayor for a day! Bradly, Brian, Nate, and Lucy transform Polly the pony into Thomas Jefferson and Pal the dog into the Declaration of Independence. But when the pet parade rolls around, the animals are nowhere to be found! Maybe they have stage fright. Can the kids find their dressed-up pets and calm them down betfore the Fourth of July fun begins?
650 4 _aDetective Stories
650 4 _aFourth of July
650 4 _aChildren's Literature
650 4 _aMystery, Thriller or Terror
942 _cBK
999 _c123565
_d123565